Zmeny na akciových trhoch v čase koronakrízy diplomová práca

Salvato in:
Dettagli Bibliografici
Autore principale: Hatalová, Martina
Ente Autore: Fakulta podnikového manažmentu EU. Katedra podnikových financií
Altri autori: Smorada, Marián, 1984-
Natura: Libro
Lingua:slovacco
Pubblicazione: Bratislava 2022
Tags: Aggiungi Tag
Nessun Tag, puoi essere il primo ad aggiungerne!!

MARC

LEADER 00000nbm a2200000 4500
001 0285329
005 20230223150445.8
041 0 |a slo 
044 |a SK 
245 1 0 |a Zmeny na akciových trhoch v čase koronakrízy  |b diplomová práca  |c Martina Hatalová ; školiteľ: Marián Smorada 
264 1 |a Bratislava  |c 2022 
300 |a 67 s. 
100 1 |a Hatalová, Martina 
700 1 |a Smorada, Marián, 1984- 
710 2 |a Fakulta podnikového manažmentu EU. Katedra podnikových financií